| 000 | 00351nam a2200133Ia 4500 | ||
|---|---|---|---|
| 008 | 240624s9999 xx 000 0 und d | ||
| 041 | _aeng | ||
| 082 | _a658.8 KRI | ||
| 100 | _aKRISHNAMACHARYULU C S G | ||
| 245 | _aRURAL MARKETING TEXT AND CASES | ||
| 260 |
_c2003 _aNew Delhi _bPearson Education |
||
| 300 | _axvii, : 397 : p. : cm. ; 24 | ||
| 365 | _cRS | ||
| 999 |
_c507 _d507 |
||